000 00679nam a2200217Ii 4500
003 JO-AjNU
008 230605s9999||||xx |||||||||||||| ||und||
017 _a2009/3/793
040 _aJO-AjNU
_bara
_erda
_cJO-AjNU
041 _aara
050 1 4 _aBF575.A5.S52.2009
100 3 _aشواقفه،سهيل موسى,
_eauthor
_921674
245 0 0 _aإدارة الغضب
250 _aط1
264 3 1 _aعمان:جهينة للنشر والتوزيع،2009
300 _a363ص
336 _atext
_btxt
_2rdacontent
337 _aunmediated
_bn
_2rdamedia
338 _avolume
_bnc
_2rdacarrier
650 4 _aسيكولوجية الشخصية-علم النفس الفردي
_921675
999 _aA7569
_c11137
_d11137